000
00194 a2200097 4500
001
2331
100
_a
Durand, W F
245
_a
Aerodynamics theory
260
_a
_b
Dover
_c
090
_c
1691
_d
1691
942
_a
NUST-CAE
_c
M
_c
7680
999
_c
237404
_d
237404